[Event "Kharkov Matskevich Memorial"]
[Site "Kharkov"]
[Date "2009.07.15"]
[Round "8"]
[White "Shpagin, Vlas"]
[Black "Averjanov, Alexey"]
[Result "1/2-1/2"]
[WhiteElo "2369"]
[BlackElo "2395"]
[PlyCount "43"]
[EventDate "2009.07.09"]
[EventType "tourn"]
[EventRounds "9"]
[EventCountry "UKR"]
[EventCategory "6"]
[SourceTitle "CBM 131 Extra"]
[Source "ChessBase"]
[SourceDate "2009.09.03"]
[SourceVersion "2"]
[SourceVersionDate "2009.09.16"]
[SourceQuality "1"]

1. d4 d5 2. Bg5 c6 3. Nf3 Qb6 4. b3 Bf5 5. e3 e6 6. Bd3 Bxd3 7. Qxd3 h6 8. Bh4 Be7 9. Bxe7 Nxe7 10. 0-0 Nd7 11. Nbd2 0-0 12. c4 c5 13. Rfc1 cxd4 14. exd4 dxc4 15. bxc4 Rfd8 16. Rab1 Qa6 17. Ne4 Nf5 18. Qb3 b6 19. c5 bxc5 20. Nxc5 Nxc5 21. dxc5 Rac8 22. h3 1/2-1/2